| 000 | 00328nam a22001217a 4500 | ||
|---|---|---|---|
| 008 | 211127b ||||| |||| 00| 0 eng d | ||
| 020 | _a9789351502906 | ||
| 050 |
_a158.7 _b1 |
||
| 245 | _aHuman Drama Inc.,Emotional Intelligence in the Workplace | ||
| 260 |
_aNew Delhi _bSAGE Publication _c2015 |
||
| 300 | _a1 | ||
| 942 |
_2ddc _cBK |
||
| 999 |
_c11931 _d11931 |
||